000 00293nam a2200097Ia 4500
008 220120s9999||||xx |||||||||||||| ||und||
100 _aSanthosh S and Lokesh B
_912372
245 0 _aMainframe analysis tool
260 _aCoorg Institute of Technology
_bPonnampet
_c2012
650 _aCOMPUTER SCIENCE
999 _c137959
_d137959